| 000 | 00618nam a22002057a 4500 | ||
|---|---|---|---|
| 003 | OSt | ||
| 005 | 20140310182838.0 | ||
| 008 | 130607t xxu||||| |||| 00| 0 eng d | ||
| 020 | _a9781590304716 | ||
| 050 |
_aTT 157 _b.So722 2008 |
||
| 082 |
_aM 745.5 _bS722 2008 |
||
| 245 |
_aThe creative family : _bhow to encourage imagination & nurture family connections / _cSoule, Amanda Blake |
||
| 260 |
_aBoston ; London : _bTrumpeter Books, _c2008 |
||
| 300 |
_a212 p. : _bill. col. ; _c21 cm. |
||
| 521 | _acollege students | ||
| 526 | _c1210L-1700L | ||
| 541 | _j1 | ||
| 562 | _e1 | ||
| 942 |
_2lcc _cBK _kM |
||
| 999 |
_c16798 _d16798 |
||